00000000cam 2200000zi 4500
0019.956361
003CaOODSP
00520251212093048
006m     o  d f      
007cr cn|||||||||
008251015t20252025onc     obs  f000 0 eng d
020 |a9780660793511
040 |aCaOODSP|beng|erda|cCaOODSP
043 |an-cn---
0861 |aCS75-0002/2025-8E-PDF
1001 |aDanieles, Prince Kevin, |eauthor.
24510|aProvisional poverty estimates for 2024 / |cby Prince Kevin Danieles and Amanda Halladay.
264 1|a[Ottawa] : |bStatistics Canada = Statistique Canada, |c2025.
264 4|c©2025
300 |a1 online resource (12 pages).
336 |atext|btxt|2rdacontent
337 |acomputer|bc|2rdamedia
338 |aonline resource|bcr|2rdacarrier
4901 |aIncome research paper series ; |y1707-2840
500 |aCover title.
500 |a"Release date: December 12, 2025."
500 |aIssued also in French under title: Estimations provisoires de la pauvreté pour 2024.
504 |aIncludes bibliographical references (page 6).
650 0|aPoverty|zCanada|vStatistics.
655 7|aStatistics|2lcgft
7102 |aStatistics Canada, |eissuing body.
77508|tEstimations provisoires de la pauvreté pour 2024 / |w(CaOODSP)9.956362
830#0|aIncome research paper series (Statistics Canada)|w(CaOODSP)9.504704
85640|qPDF|s285 KB|uhttps://publications.gc.ca/collections/collection_2025/statcan/75f0002m/75f0002m2025008-eng.pdf
8564 |qHTML|sN/A|uhttps://www150.statcan.gc.ca/n1/pub/75f0002m/75f0002m2025008-eng.htm